Fichero : actividades didácticas :

Guardado en:
Detalles Bibliográficos
Autor Corporativo: México. Secretaría de Educación Pública. Subsecretaría de Educación Básica y Normal. Dirección General de Materiales y Métodos Educativos.
Otros Autores: Gómez Palacio Muñoz, Margarita (Director de Projecto)
Formato: Libro
Lenguaje:español
Publicado: México : SEP. Comisión Nacional de los Libros de Texto Gratuitos, 1996.
Catálogo:MANES:  Resultados de Búsqueda del Catálogo
Clasificación de libros de texto:
Colección:Libro de texto gratuito.
Etiquetas: Agregar Etiqueta
Sin Etiquetas, Sea el primero en etiquetar este registro!
Añadido a:2005-11-23
Cambiado en:2025-05-08

MARC

LEADER 00000cam a2200000 a 4500
003 OSt
005 20250508092024.0
008 051124n1996 mx f 000 0 spa u
020 |a 9682995922 
040 |a CINV  |c CINV 
050 0 4 |a LTG LB1577  |b M49ad 4º 1996 
051 0 4 |a LTG LB1577-M49ad 4º 1996 
110 2 |a México.  |b Secretaría de Educación Pública.  |b Subsecretaría de Educación Básica y Normal.  |b Dirección General de Materiales y Métodos Educativos.  |9 24461 
245 1 0 |a Fichero :  |b actividades didácticas :  |b español :  |b cuarto grado /  |c coordinación Margarita Gómez Palacio Muñoz. 
260 |a México :  |b SEP. Comisión Nacional de los Libros de Texto Gratuitos,  |c 1996. 
300 |a 66 p. :  |b il. ;  |c 26 cm. 
440 |a Libro de texto gratuito.  |9 21882 
546 |a México 
561 |5 mx-CINVES  |a México. DIE-Cinvestav (Ciudad de México)  |k MANES 
690 0 |a EyL 
691 0 |a PRI 
700 1 |a Gómez Palacio Muñoz, Margarita,  |e coord.  |9 23745 
910 |a E-35014 
942 |2 lcc  |c BK 
999 |c 54613  |d 54613 
999 |c manes:54613  |d 54613